Statistiques concernant Culture Générale - Série 2041

Cliquez ici pour prendre le quiz!

Statistiques générales

  • Ce quiz a été pris 47 fois
  • Le résultat moyen est 3 sur 10

Statistiques - réponses

QuestionRéponse% Correct
En France, quelle est la 1ère femme à avoir été nommée "Premier ministre" ?Edith Cresson
76%
Sous quel nom connaissait-on mieux Gabrielle Chasnel (1883-1971) ?Coco Chanel
74%
Quel fleuve arrose la ville française de Troyes ?Seine
57%
Dans quelle pièce de théâtre de Jean-Paul Sartre trouve-t-on cette phrase "L'enfer, c'est les autres" ?Huis clos
37%
Quelle est la capitale de la province espagnole d'Aragon ?Saragosse
22%
Quel château d'Indre-et-Loire est surnommé "Le château de la Belle au bois dormant " ?Ussé
17%
Sous quel nom connaissait-on mieux Edouard Ruault (1921-2005) ?Eddy Barclay
15%
Sous quel nom de scène connait-on sir Richard Starkey ?Ringo Starr
15%
Qyuel était la profession de Jean-Henri Riesener (1734-1806) ?ébéniste
4%
Fagot de branchages utilisé pour combler des fossés, réparer de mauvais chemins, modérer l'érosion éolienne sur les dunes, et faire des ouvrages de défense - voir photofascine
2%

Distribution des résultats

Percentile par nombre de réponses

% des personnes avec chaque résultat

Votre développement - résultats

Vous n’avez pas pris ce quiz